000 01048nam0a22002531 4500
001 rc\2805130
005 20260408083404.0
035 _a(NLR Aleph) 006931081
090 _a7547965
_c7547965
100 _a20110915d1945 u y0rusy50 ca
101 0 _arus
102 _aRU
105 _ay z |||||
200 1 _aКонституция (основной закон) Союза Советских Социалистических Республик
_eС изм. и доп., принятыми на I, II, III, VI, VII и VIII сессиях Верховного Совета СССР
210 _aКемерово
_cКузбасс
_d1945
_eСталинск
_gтип. изд-ва "Большевист. сталь"
215 _a36 с.
_d15 см.
740 1 _aСССР
_tКонституция
_f1936
_3RU\NLR\AUTH\8810166668
_9829265
801 0 _aRU
_bNLR
_gpsbo
801 1 _aRU
_bELAR
_2rusmarc
852 _aNLR
_jП20 Г-2/92
942 _cBOOK
945 _aРоссийская национальная библиотека
980 _aNB
980 _aBV